| 000 | 00841nam a22002537a 4500 | ||
|---|---|---|---|
| 003 | EG-ScBUE | ||
| 005 | 20211205112602.0 | ||
| 008 | 100719s197u ua f 000 1 ara d | ||
| 040 |
_aEG-ScBUE _bara _erda _cEG-ScBUE _dEG-ScBUE |
||
| 082 | 0 | 4 |
_a892.736 _bل و ز _222 |
| 100 | 1 |
_916472 _aاللوزي، سليم، _eمؤلف. |
|
| 245 | 1 | 2 |
_aالمهاجرون / _cسليم اللوزي. |
| 264 | 1 |
_aالقاهرة : _bدار الشروق، _c[197-] |
|
| 300 |
_a325 صفحة ؛ _c24 سم |
||
| 336 |
_2rdacontent _aنص _btxt |
||
| 337 |
_2rdamedia _aبدون وسيط _bn |
||
| 338 |
_2rdacarrier _aمجلد _bnc |
||
| 541 |
_aألف باء ؛ _cشراء ؛ |
||
| 650 | 7 |
_98441 _aالقصص العربية _yقرن 20. _2BUEsh |
|
| 651 | _2BUEsh | ||
| 653 |
_bARALIT _cDecember2021 |
||
| 655 |
_vReading book _934232 |
||
| 942 |
_2ddc _cBB |
||
| 999 |
_c14512 _d14512 |
||